• 首页
  • 本馆介绍
  • 公告通知
  • 最新文献
  • 馆藏检索
  • 电子资源
  • 读者导购
  • 参考咨询
  • 我的图书馆
  • 登录
  • 详细信息显示
  • 放入我的书架
  • 预约/预借图书
  • 作者相关作品
  • 分类相关作品
  • 丛书相关作品
  • 出版社相关作品

书目信息

  • 表格格式
  • 工作单格式
  • 卡片格式
题名:
越界与误读
    
 
作者: 高宁 著
分册:  
出版信息: 银川   宁夏人民出版社  2005
页数: 268页
开本: 21cm
丛书名: 人文日本新书
单 册:
中图分类: K313.03 , K203 , G12
科图分类:
主题词: 中日文化--研究 , 文化事业--中国
电子资源:
ISBN: 7-227-02909-3
000 00961oam2 2200277 450
005 20070606210231.51
010    @a7-227-02909-3@dCNY35.80
100    @a20060606d2005 ekmy0chiy0110 ea
101 0  @achi
102    @aCN@b640000
105    @aa z 000yy
200 1  @a越界与误读@Ayue jie yu wu dou@e中日文化间性研究@f高宁著
210    @a银川@c宁夏人民出版社@d2005
215    @a268页@c照片@d21cm
225 2  @a人文日本新书
330    @a跨越民族、国家的文化误读无疑反映出不同民族、不同国家对外来文化的接受特点,勾勒出文化的包容性于排他性并存的特点。本书主要从译学文化和文学阐释的角度考察了盘桓于中日文化交流里的误读问题。
461  0 @12001 @a人文日本新书
517 1  @a中日文化间性研究 @Azhong ri wen hua jian xing yan jiu
606 0  @a中日文化@x研究
606 0  @a文化事业@x中国
690    @aK313.03@v4
690    @aK203@v4
690    @aG12@v3
701  0 @a高宁@Agao ning@4著
801  0 @aCN@bTAOJIN@c20070606
905    @a10447@dG12@e90
    
    越界与误读:中日文化间性研究/高宁著 .-银川:宁夏人民出版社,2005
    268页:照片;21cm .-(人文日本新书 )
    
    
    ISBN 7-227-02909-3:CNY35.80
    跨越民族、国家的文化误读无疑反映出不同民族、不同国家对外来文化的接受特点,勾勒出文化的包容性于排他性并存的特点。本书主要从译学文化和文学阐释的角度考察了盘桓于中日文化交流里的误读问题。
●
相关链接 在E读中查询图书 在五车中查询图书 在当当中查询图书 在豆瓣中查询图书


正题名:越界与误读     索取号:G12/90         预约/预借

序号 登录号 条形码 馆藏地/架位号 状态 备注
1 0527189   205271891   第一样本阅览室/ [索取号:G12/90] 在馆    
2 0527190   205271908   第四借阅区/ [索取号:G12/90] 在馆    
3 0527191   205271917   第四借阅区/ [索取号:G12/90] 在馆    
4 0527192   205271926   第四借阅区/ [索取号:G12/90] 在馆    
唐山师范学院图书馆 欢迎您!
大连网信软件有限公司© 版权所有